00297nam a22001097a 4500020002200000082001500022100002300037245005600060260003000116300000800146650003300154 a978-0-7189-0222-3 a181.07 HOU aHourani, George F. aAverroes On the Harmony of Religion and Philosophy  aOxfordbOxbow Booksc2015 a128 aPhilosophy-Islamic-Ibn Rushd